Mental Traveler: A Father, A Son, And A Journey Through Schizophrenia (Record no. 571150)

MARC details
000 -LEADER
fixed length control field 00394nam a2200133Ia 4500
005 - DATE AND TIME OF LATEST TRANSACTION
control field 20250516145652.0
008 - FIXED-LENGTH DATA ELEMENTS--GENERAL INFORMATION
fixed length control field 250516s9999 xx 000 0 und d
020 ## - INTERNATIONAL STANDARD BOOK NUMBER
International Standard Book Number 9780226695938
082 ## - DEWEY DECIMAL CLASSIFICATION NUMBER
Classification number 616.8982
Item number MIT
100 ## - MAIN ENTRY--PERSONAL NAME
Personal name Mitchell, W. J. T.
245 #0 - TITLE STATEMENT
Title Mental Traveler: A Father, A Son, And A Journey Through Schizophrenia
260 ## - PUBLICATION, DISTRIBUTION, ETC.
Name of publisher, distributor, etc. University of Chicago Press
Date of publication, distribution, etc. 2020
942 ## - ADDED ENTRY ELEMENTS (KOHA)
Koha item type English Books
Holdings
Withdrawn status Lost status Damaged status Not for loan Home library Current library Shelving location Date acquired Total Checkouts Full call number Barcode Date last seen Price effective from Koha item type
        Anna Centenary Library Anna Centenary Library 5TH FLOOR, B WING 16.05.2025   616.8982 MIT 702648 16.05.2025 16.05.2025 Reference
        Anna Centenary Library Anna Centenary Library 5TH FLOOR, B WING 16.05.2025   616.8982 MIT 702647 16.05.2025 16.05.2025 Reference

Find us on the map